MDQL
is popping MORE tags! Check the
thread
!
Quizzes
Events
Quiz Creation
Community
Videos
Private Events
Remove Ads
Sign In
Join for FREE
Feedback
Dark Mode
Quiz Categories
Sports
Geography
Music
Movies
Television
Just For Fun
Miscellaneous
History
Literature
Language
Science
Gaming
Entertainment
Religion
Holiday
For Kids
Quiz Lab
Recent
Popular Today
Quiz Kudos Today
Editor Picks
Curator Picks
Quizzes by...
Day
Popularity
Type
Ratings
Length
Year
Community
Subscriptions
Recent Discussions
Orange Saloon
Badges
Playlists
Quests
Create
Leaderboards
Showdown
Live 5
Trivia Bingo
Activity
Puzzle Library
Sporcle Events
Private Events
Virtual Trivia
Globe League
Become a Host
Pub Owners
SporcleCon
Opinionation
Our Games
Videos
Blog
Mobile Apps
Partnerships
Remove Ads and Go Orange
Feedback
Music
Pop Music
The Beatles
Song
Album
Lyrics
Bands
Singers
Artist
Clip
Rock
Rap
Classical
Billboard
Country Music
Kpop
Taylor Swift
Music
Pop Music
The Beatles
Song
Album
Lyrics
Bands
Singers
Artist
Clip
Rock
Rap
Classical
Billboard
Country Music
Kpop
Taylor Swift
Random Quiz
Search Sporcle
×
Quiz Lab
Quiz Lab
Music
Lyrics
Type in answers that appear in a list
Type in answers that appear in a list
Classic
Best Score? Go Orange.
Rush Opening Lyrics Stats
Can you name the Rush songs for each of these opening lyrics?
By
rand0mnez
10m
36 Questions
2,264 Plays
2,264 Plays
2,264 Plays
Comments
Comments
Give Quiz Kudos
Give Quiz Kudos
-
- Ratings
hide this ad
Forced Order
Answers have to be entered in order
Answers have to be entered in order
Random Order
Randomize order of answers
Randomize order of answers
Replay
Link that replays current quiz
Next Quiz
Link to next quiz in quiz playlist
You Got
0%
They Got
Avg Score
51%
Avg Friend Score
Upgrade to see
Score Distribution
Jump to the score distribution portion of the page
Score
0/36
Timer
10:00
0
Plays Today
Opening Lines
Song
% Correct
Living on a lighted stage approaches the unreal...
Limelight
89.5%
Begin the day with a friendly voice-
a companion unobtrusive...
The Spirit of Radio
88.8%
I get up at seven, yeah, and I go to work at nine.
Working Man
88.7%
And the men who hold high places must be the ones to start ...
Closer to the Heart
86.7%
And the meek shall inherit the earth...
2112
85.5%
Why try? I know why. This feeling inside me says it's time I was gone
Fly By Night
70.8%
The night is black, without a moon. The air is thick and still.
Witch Hunt
66%
There's no bread, let them eat cake.
Bastille Day
63.7%
Imagine a time when it all began. In the dying days of a war...
Manhattan Project
59.8%
An ill wind comes arising across the cities of the plain...
Distant Early Warning
59.6%
Tough times demand tough talk demand tough hearts demand tough songs demand...
Force Ten
59.6%
Here we go -
-
-
vertigo. Video vertigo
Test For Echo
58.2%
Hold your fire-
keep it burning bright...
Mission
57.5%
When our weary world was young, the struggle of the ancients first began
Hemispheres
55.4%
When the ebbing tide retreats along the rocky shoreline...
Natural Science
55%
A hot and windy August afternoon has the trees in constant motion...
The Analog Kid
52%
Know your place in life is where you want to be...
Anthem
51.5%
Invisible to telescopic eye...
Cygnus X-1
51.4%
Opening Lines
Song
% Correct
Proud swagger out of the schoolyard-
waiting for the world's applause.
The Pass
49.2%
A boy alone, so far from home. Endless rooftops from my window.
Circumstances
49%
If we burn our wings flying too close to the sun...
Bravado
47.5%
The snakes and arrows a child is heir to are enough to leave a thousand cuts...
Armor and Sword
45.8%
Waiting for the winds of change to sweep the clouds away
Something For Nothing
45.3%
The dancer slows her frantic pace in pain and desperation...
Losing It
44.5%
To live between a rock and a hard place... in between time...
Between the Wheels
42.6%
The way out is the way in... the way out is the way in
Secret Touch
40.6%
I am born; I am me. I am new. I am free.
The Fountain of Lamneth
38.8%
The office door closed early. The hidden bottle came out
Middletown Dreams
36.6%
Where would you rather be? Anywhere but here...
Double Agent
35.2%
If we are so much the same, like I always hear why such different fortunes and fates?
The Larger Bowl
33.8%
Like a million little doorways... all the choices we made...
Ghost of A Chance
30.7%
Nature has some new plague to run in our streets...
Red Tide
30.4%
In the house where nobody laughs and nobody sleeps...
Everyday Glory
28.5%
I said I played this song so many times before...
Here Again
22.5%
The city crouches, steaming In the early morning half ligh
Freeze
20.1%
I don't have an explanation for another lonely night...
The Color of Right
17.6%
Quiz Playlist
Details
Report
Send in Message
Add To Playlist
Classic:
Type in answers that appear in a list
Forced Order:
Answers have to be entered in order
Random Order:
Randomize order of answers
Last Updated: Aug 31, 2017
Quiz Scoreboard
CHALLENGE
Sign Up to Join the Scoreboard
Show All
Scores
Hide
Comments
May contain spoilers
Recently Published
1-10 Letter E Words III
by El_Dandy
Language
2m
Street Fighter Characters
by Artimus82
Gaming
60s
College Basketball Coaching Resumes
by pancakes188
Sports
9m
More to Explore
Quiz From the Vault
Featured Blog Post
Where Did the Easter Bunny Come From?
hide this ad
You Might Also Like...
Tags
Lyrics Quiz
Song Quiz
rush
Today's Top Quizzes in Music
Browse Music
hide this ad
Today's Top Quizzes in Lyrics
Browse Lyrics
Top Contributed Quizzes in Music
1
Taylor Swift All Songs (2024)
2
Taylor Swift Logic Puzzle
3
Guess the Artist- 70s Songs
4
7-to-1: Billboard Hot 100 #1 Hits of 2010s
5
Sorting Albums and Songs
6
Billboard Blitz: Aretha Franklin
7
KPOP LOGIC QUIZ
8
Guess the Taylor Swift song (Mystery Song)
9
Guess The Taylor Swift Lyrics Song #1
10
Billboard Blitz: ABBA
Explore More
Trending Topics
Disney
Kpop
Marvel
Harry Potter
Crossword
Anime
NBA
WWE
NFL
Pokémon
Soccer
Puzzle
Country
The Office
Song
hide this ad
More By:
rand0mnez
Quiz
Plays
Rating
Category
Featured
Created
Rush Opening Lyrics
2,264
4.63
Music
Nov 4, 2009
Rush Songs
675
3.88
Music
Oct 1, 2009
Single Word Rush Songs
570
4.75
Music
Nov 16, 2009
Go to Creator's Profile
Score Distribution
Quiz Creator Spotlight
rand0mnez
Follow
Send a Message
Quizzes Created
-
Created Quiz Play Count
-
More By This Creator
Popular Quizzes Today
1
Find the US States - No Outlines Minefield
2
Find the Countries of Europe - No Outlines Minefield
3
The Countries of the World
4
Find the US States
5
Risky Map Clicking: Biggest States A-Z
6
US States
7
Popular People in 1961
8
Movies - When Are They Set?
More Music Quizzes
Eurovision 2022 songs by first verse
Quiz Lab
Trending Quizzes
Risky Map Clicking: Least Populous States A-Z
Billboard Blitz: Aretha Franklin
Famous Russians: Author or Composer?
1-10 Letter G Words
Countries of the World: 200 Million BC
Recently Updated
Leaping Animals
pecheneg
Reality TV Shows (A-Z)
bhenderson79
Rickey Henderson's Hall of Fame Teammates
pecheneg
Champions League XIs: Arsenal
pecheneg
Quick Pick: Celebrities in WWE's Hall of Fame
aduchscher
A-Z Keypad Blitz II
pecheneg
Multiple Oscar Actors
pecheneg
Mystery Phrase Blitz: Oscar 'Best Actors'
pecheneg
F. Scott Fitzgerald Novels
LTH
Pick 3 Villains
ddd62291
Trending Topics
Harry Potter
Disney
Crossword
Marvel
Anime
NBA
Kpop
Song
The Office
Pokémon
WWE
Puzzle
Soccer
Country
NFL
Your Account Isn't Verified!
In order to create a playlist on Sporcle, you need to verify the email address you used during registration. Go to your
Sporcle Settings
to finish the process.
Report this User
Report this user for behavior that violates our
Community Guidelines
.
Details:
Send Report
Go to the Sporcle.com Mobile Site →
Comments